| 000 | 00802nam a2200265Ia 4500 | ||
|---|---|---|---|
| 003 | OSt | ||
| 005 | 20220924124106.0 | ||
| 006 | a|||||r|||| 00| 0 | ||
| 007 | ta | ||
| 008 | 220923b |||||||| |||| 00| 0 urd d | ||
| 020 | _a8180420469 (hbk) | ||
| 020 | _c150 | ||
| 024 | _a319565 | ||
| 037 |
_b5724/4, 11/03/2010, Modern Publishing House _cTextual |
||
| 040 |
_aARTS _cARTS _burd |
||
| 041 |
_2urd _aurd |
||
| 082 | _aO168,6N48w, P3 | ||
| 100 |
_aMehmood Khalid Au. _9194776 |
||
| 245 | 0 | _aShaguftagi dil ki | |
| 260 |
_aNew Delhi _b Modern publishing house India _c2003 |
||
| 300 |
_a112p. _ccm. |
||
| 650 |
_aURDU PROSE _926866 |
||
| 942 |
_hO168,6N48w, P3 _cTEXL _2CC |
||
| 999 |
_c418343 _d418343 |
||